[Event "ISL-chT1 2122"]
[Site "Reykjavik"]
[Date "2022.03.03"]
[Round "6.1"]
[White "Mai, Alexander Oliver"]
[Black "Kristjansson, Olafur"]
[Result "1-0"]
[WhiteElo "2188"]
[BlackElo "2097"]
[PlyCount "41"]
[EventDate "2021.09.30"]
[EventType "team-tourn"]
[EventRounds "10"]
[EventCountry "ISL"]
[SourceTitle "EXT 2024"]
[Source "ChessBase"]
[SourceDate "2023.10.10"]
[SourceVersion "1"]
[SourceVersionDate "2023.10.10"]
[SourceQuality "1"]
[WhiteTeam "Taflfelag Reykjavikur"]
[BlackTeam "Skakfelag Akureyrar"]
[WhiteTeamCountry "ISL"]
[BlackTeamCountry "ISL"]

1. e4 c5 2. Nf3 e6 3. d4 cxd4 4. Nxd4 Nf6 5. Nc3 Nc6 6. Ndb5 Bb4 7. Bf4 Nxe4 8. Qf3 d5 9. Nc7+ Kf8 10. Nxa8 Nd4 11. Qd3 Qf6 12. Be3 e5 13. Nc7 Nxc3 14. bxc3 Bf5 15. Qd2 Nxc2+ 16. Kd1 d4 17. Nd5 dxe3 18. fxe3 Bxc3 19. Qxc3 Qd6 20. Bd3 Nxe3+ 21. Nxe3 1-0

[Event "ISL-chT2 2122"]
[Site "Reykjavik"]
[Date "2021.10.02"]
[Round "3.2"]
[White "Sverrisson, Nokkvi"]
[Black "Kristjansson, Olafur"]
[Result "0-1"]
[WhiteElo "2037"]
[BlackElo "2097"]
[PlyCount "78"]
[EventDate "2021.10.01"]
[EventType "team-tourn"]
[EventRounds "7"]
[EventCountry "ISL"]
[SourceTitle "EXT 2024"]
[Source "ChessBase"]
[SourceDate "2023.10.10"]
[SourceVersion "1"]
[SourceVersionDate "2023.10.10"]
[SourceQuality "1"]
[WhiteTeam "Vestmannaeyja"]
[BlackTeam "Akureyri II"]
[WhiteTeamCountry "ISL"]
[BlackTeamCountry "ISL"]

1. e4 c5 2. Nf3 Nc6 3. d4 cxd4 4. Nxd4 e6 5. Be3 Nf6 6. Nc3 Bb4 7. Bd3 d5 8. Nxc6 bxc6 9. Bd2 e5 10. exd5 cxd5 11. 0-0 0-0 12. Re1 e4 13. Bf1 Bg4 14. Be2 Be6 15. a3 Ba5 16. Nb5 Bb6 17. Bb4 Re8 18. Nd4 Bd7 19. Kh1 Qc7 20. g3 h5 21. Bb5 Bxd4 22. Bxd7 Bxb2 23. Bxe8 Bxa1 24. Bxf7+ Kxf7 25. Qxa1 Qxc2 26. Qd4 Qc4 27. Qe5 a5 28. Bd2 Qd3 29. Bg5 Qf3+ 30. Kg1 Qxf2+ 31. Kxf2 Ng4+ 32. Ke2 Nxe5 33. Rb1 Rc8 34. Rb5 Ke6 35. Rxa5 Rc2+ 36. Kd1 Rxh2 37. Ra7 d4 38. Rxg7 d3 39. Re7+ Kd5 0-1

[Event "Akureyri Icelandic op"]
[Site "Akureyri"]
[Date "2019.06.01"]
[Round "9"]
[White "Briem, Benedikt"]
[Black "Kristjansson, Olafur"]
[Result "0-1"]
[WhiteElo "1811"]
[BlackElo "2069"]
[PlyCount "78"]
[EventDate "2019.05.25"]
[EventType "swiss"]
[EventRounds "9"]
[EventCountry "ISL"]
[SourceTitle "CBM 190 Extra"]
[Source "ChessBase"]
[SourceDate "2019.07.15"]
[SourceVersion "1"]
[SourceVersionDate "2019.07.15"]
[SourceQuality "1"]

1. d4 d5 2. Nf3 Nf6 3. Bf4 g6 4. e3 Bg7 5. c3 0-0 6. Bd3 c5 7. Nbd2 Nc6 8. h3 Nd7 9. 0-0 e5 10. dxe5 Ndxe5 11. Nxe5 Nxe5 12. Bc2 Nc6 13. Nf3 h6 14. Bg3 Be6 15. Bb3 Qd7 16. Qd2 Rfd8 17. Rad1 b5 18. a3 a5 19. Rfe1 Qb7 20. Qc1 Rac8 21. a4 b4 22. c4 dxc4 23. Bxc4 Bxc4 24. Qxc4 Bxb2 25. Qxc5 Bc3 26. Rf1 Nd4 27. exd4 Rxc5 28. dxc5 Rxd1 29. Rxd1 b3 30. Ne5 Qe4 31. f3 Qe3+ 32. Bf2 Qxe5 33. f4 Qxf4 34. Rd8+ Kg7 35. c6 Qc1+ 36. Kh2 Be5+ 37. g3 b2 38. c7 b1Q 39. Rg8+ Kxg8 0-1

[Event "Akureyri Icelandic op"]
[Site "Akureyri"]
[Date "2019.05.26"]
[Round "3"]
[White "Thorhallsson, Throstur"]
[Black "Kristjansson, Olafur"]
[Result "1-0"]
[WhiteElo "2435"]
[BlackElo "2069"]
[PlyCount "54"]
[EventDate "2019.05.25"]
[EventType "swiss"]
[EventRounds "9"]
[EventCountry "ISL"]
[SourceTitle "CBM 190 Extra"]
[Source "ChessBase"]
[SourceDate "2019.07.15"]
[SourceVersion "1"]
[SourceVersionDate "2019.07.15"]
[SourceQuality "1"]

1. e4 c5 2. Nf3 Nc6 3. c3 d6 4. d4 Nf6 5. d5 Nb8 6. Bd3 g6 7. h3 Bg7 8. 0-0 0-0 9. Re1 Nbd7 10. c4 Ne5 11. Bf1 Nxf3+ 12. Qxf3 Ne8 13. Nc3 Nc7 14. Bg5 h6 15. Bh4 g5 16. Bg3 e5 17. dxe6 Nxe6 18. Nb5 Be5 19. Bxe5 dxe5 20. Qf5 a6 21. Nc3 Nd4 22. Qxe5 b6 23. Rad1 Bxh3 24. Nd5 f6 25. Qh2 Bg4 26. f3 Bc8 27. Qxh6 Ra7 1-0

[Event "Reykjavik op"]
[Site "Reykjavik"]
[Date "2017.04.25"]
[Round "8"]
[White "Kristjansson, Olafur"]
[Black "Lemery, Jon Thor"]
[Result "1-0"]
[WhiteElo "2102"]
[BlackElo "1708"]
[PlyCount "63"]
[EventDate "2017.04.19"]
[EventType "swiss"]
[EventRounds "10"]
[EventCountry "ISL"]
[SourceTitle "CBM 178 Extra"]
[Source "ChessBase"]
[SourceDate "2017.06.22"]
[SourceVersion "1"]
[SourceVersionDate "2017.06.22"]
[SourceQuality "1"]

1. e4 d5 2. exd5 Nf6 3. c4 c6 4. d4 cxd5 5. Nc3 e6 6. Nf3 Be7 7. Bg5 0-0 8. Bd3 h6 9. Bh4 Nc6 10. 0-0 Qb6 11. Na4 Qa5 12. c5 b6 13. cxb6 axb6 14. Nc3 Ba6 15. a3 Bxd3 16. Qxd3 Rfc8 17. Rac1 Na7 18. Ne5 Rc7 19. f4 Nd7 20. Be1 Nxe5 21. fxe5 Rac8 22. Rc2 Bg5 23. h4 Bd8 24. g4 Be7 25. Rg2 Rc4 26. Qf3 Rf8 27. g5 g6 28. gxh6 Kh7 29. h5 Qa6 30. Qd3 Kh8 31. hxg6 fxg6 32. Rxf8+ 1-0

[Event "Reykjavik op"]
[Site "Reykjavik"]
[Date "2017.04.23"]
[Round "6"]
[White "Kristjansson, Olafur"]
[Black "Maisuradze, Nino"]
[Result "0-1"]
[WhiteElo "2102"]
[BlackElo "2273"]
[PlyCount "52"]
[EventDate "2017.04.19"]
[EventType "swiss"]
[EventRounds "10"]
[EventCountry "ISL"]
[SourceTitle "CBM 178 Extra"]
[Source "ChessBase"]
[SourceDate "2017.06.22"]
[SourceVersion "1"]
[SourceVersionDate "2017.06.22"]
[SourceQuality "1"]

1. e4 c5 2. Nf3 Nc6 3. d4 cxd4 4. Nxd4 e5 5. Nb5 d6 6. N1c3 a6 7. Na3 b5 8. Nd5 Nge7 9. c4 Nd4 10. Be3 Nxd5 11. cxd5 g6 12. Nc2 Bg4 13. f3 Nxc2+ 14. Qxc2 Rc8 15. Qd2 Bd7 16. Bd3 Be7 17. 0-0 0-0 18. f4 Bf6 19. Rf2 exf4 20. Bxf4 Bd4 21. Bxd6 Re8 22. Kh1 Bxf2 23. Qxf2 Bf5 24. Qf4 Bxe4 25. Bxe4 Rc4 26. Rf1 f5 0-1

[Event "Reykjavik op"]
[Site "Reykjavik"]
[Date "2017.04.21"]
[Round "4"]
[White "Rajdeep, Sarkar"]
[Black "Kristjansson, Olafur"]
[Result "1-0"]
[WhiteElo "2273"]
[BlackElo "2102"]
[PlyCount "93"]
[EventDate "2017.04.19"]
[EventType "swiss"]
[EventRounds "10"]
[EventCountry "ISL"]
[SourceTitle "CBM 178 Extra"]
[Source "ChessBase"]
[SourceDate "2017.06.22"]
[SourceVersion "1"]
[SourceVersionDate "2017.06.22"]
[SourceQuality "1"]

1. d4 Nf6 2. Nf3 g6 3. g3 Bg7 4. Bg2 0-0 5. 0-0 d6 6. c4 Nbd7 7. Nc3 a6 8. e4 c5 9. Re1 cxd4 10. Nxd4 Nc5 11. h3 Bd7 12. Be3 Rb8 13. Qe2 Na4 14. Nxa4 Bxa4 15. b3 Bd7 16. Rad1 Qc8 17. Kh2 b5 18. Rc1 bxc4 19. Rxc4 Qd8 20. Nc6 Bxc6 21. Rxc6 a5 22. Qa6 Nd7 23. Rec1 Bb2 24. Rd1 Ra8 25. Qe2 Ba3 26. f4 Rc8 27. e5 Rxc6 28. Bxc6 Qc7 29. Bb5 Rd8 30. Qc4 Qxc4 31. Bxc4 Nc5 32. Kg2 Kf8 33. Kf3 a4 34. bxa4 Nxa4 35. Rd5 Rc8 36. Bb3 Nc5 37. exd6 exd6 38. Rxd6 Nxb3 39. Rd3 Bc1 40. axb3 Bxe3 41. Kxe3 Rc2 42. Kd4 Ke7 43. b4 h5 44. Rb3 h4 45. gxh4 Ke6 46. b5 Kf5 47. b6 1-0

[Event "ISL-chT2 1617"]
[Site "Reykjavik"]
[Date "2016.10.01"]
[Round "3.2"]
[White "Pantzar, Milton"]
[Black "Kristjansson, Olafur"]
[Result "1/2-1/2"]
[WhiteElo "2077"]
[BlackElo "2100"]
[PlyCount "71"]
[EventDate "2016.09.30"]
[EventType "team-tourn"]
[EventRounds "7"]
[EventCountry "ISL"]
[SourceTitle "EXT 2018"]
[Source "ChessBase"]
[SourceDate "2017.10.13"]
[SourceVersion "1"]
[SourceVersionDate "2017.10.13"]
[SourceQuality "1"]
[WhiteTeam "Gardabaer"]
[BlackTeam "Akureyri II"]
[WhiteTeamCountry "ISL"]
[BlackTeamCountry "ISL"]

1. d4 Nf6 2. c4 g6 3. f3 Bg7 4. e4 d6 5. Nc3 0-0 6. Be3 Nc6 7. Nge2 a6 8. Qd2 b5 9. cxb5 axb5 10. Nxb5 Na5 11. Nec3 Nb3 12. axb3 Rxa1+ 13. Kf2 c6 14. Na3 Qb6 15. Na4 Qb8 16. Nc2 Rxf1+ 17. Rxf1 Qxb3 18. Ra1 Be6 19. Nb4 Qc4 20. Qc3 Qxc3 21. bxc3 Ra8 22. Ra3 Bd7 23. Nc2 Kf8 24. Nb6 Rxa3 25. Nxd7+ Nxd7 26. Nxa3 Ke8 27. Ke2 Kd8 28. Kd3 Kc7 29. Bg5 e6 30. Bf4 Bf8 31. Nc4 Nb6 32. Ne3 Kd7 33. Ng4 Bg7 34. Bg5 h5 35. Ne3 d5 36. Bf4 1/2-1/2

[Event "ISL-chT 1516"]
[Site "Reykjavik"]
[Date "2016.03.03"]
[Round "6.2"]
[White "Kristjansson, Olafur"]
[Black "Petursson, Gudni Stefan"]
[Result "1-0"]
[WhiteElo "2103"]
[BlackElo "2134"]
[PlyCount "87"]
[EventDate "2015.09.24"]
[EventType "team-tourn"]
[EventRounds "9"]
[EventCountry "ISL"]
[SourceTitle "EXT 2017"]
[Source "ChessBase"]
[SourceDate "2016.10.25"]
[SourceVersion "1"]
[SourceVersionDate "2016.10.25"]
[SourceQuality "1"]
[WhiteTeam "Akureyri II"]
[BlackTeam "Bolungarvik"]
[WhiteTeamCountry "ISL"]
[BlackTeamCountry "ISL"]

1. e4 e6 2. Nf3 d5 3. Nc3 Nf6 4. e5 Nfd7 5. d4 a6 6. Bd3 Be7 7. 0-0 c5 8. dxc5 Nxc5 9. Re1 Nxd3 10. cxd3 0-0 11. d4 Nc6 12. Be3 b5 13. Qc1 Bb7 14. Rd1 Rc8 15. Qd2 Na5 16. b3 Qb6 17. Qd3 Rc7 18. Bg5 Bb4 19. Bd2 Bxc3 20. Bxc3 b4 21. Bd2 h6 22. h4 f5 23. exf6 Rxf6 24. Ne5 Nc6 25. Be3 Ne7 26. Rac1 Nf5 27. Rxc7 Qxc7 28. Rc1 Qd8 29. g3 Rf8 30. Qc2 Nxe3 31. fxe3 a5 32. Qe2 Qe8 33. Rc7 Qb8 34. Qc2 Rc8 35. Rxc8+ Bxc8 36. Qc5 Qa8 37. Qe7 Qb7 38. Qe8+ Kh7 39. h5 Qc7 40. Qc6 Qb7 41. Qc5 a4 42. Ng6 Qf7 43. Qxc8 Qf3 44. Qh8# 1-0

[Event "ISL-chT 1516"]
[Site "Reykjavik"]
[Date "2015.09.27"]
[Round "5.4"]
[White "Kristjansson, Olafur"]
[Black "Dziuba, Marcin"]
[Result "0-1"]
[WhiteElo "2103"]
[BlackElo "2558"]
[PlyCount "102"]
[EventDate "2015.09.24"]
[EventType "team-tourn"]
[EventRounds "9"]
[EventCountry "ISL"]
[SourceTitle "EXT 2017"]
[Source "ChessBase"]
[SourceDate "2016.10.25"]
[SourceVersion "1"]
[SourceVersionDate "2016.10.25"]
[SourceQuality "1"]
[WhiteTeam "Akureyri II"]
[BlackTeam "The Viking"]
[WhiteTeamCountry "ISL"]
[BlackTeamCountry "ISL"]

1. e4 c5 2. Nf3 d6 3. d4 cxd4 4. Nxd4 Nf6 5. Nc3 a6 6. Bc4 e6 7. Bb3 Nbd7 8. f4 Nc5 9. e5 dxe5 10. fxe5 Nfd7 11. Bf4 b5 12. Qe2 Bb7 13. 0-0-0 Qb6 14. Rhf1 Be7 15. Kb1 0-0 16. h4 b4 17. Na4 Nxa4 18. Bxa4 Nc5 19. Bb3 a5 20. Bg5 Bxg5 21. hxg5 Nxb3 22. Nxb3 a4 23. Rd6 Qa7 24. Nc1 a3 25. b3 Rac8 26. Rf4 Qg1 27. Rxb4 Bd5 28. Ra4 Rc3 29. Qd2 Re3 30. Rxa3 Rxe5 31. c4 Be4+ 32. Kb2 Qxg2 33. Qxg2 Bxg2 34. b4 Rxg5 35. c5 h5 36. Rc3 Rc8 37. Nd3 h4 38. Nf4 Bc6 39. Kb3 Rf5 40. Ne2 Bd5+ 41. Kc2 Rf2 42. Kd2 Ra8 43. a3 Kf8 44. Ke1 Rf3 45. c6 h3 46. Rxf3 Bxf3 47. Ng3 Ke7 48. Rd7+ Ke8 49. b5 Rxa3 50. Kf2 h2 51. Rd2 Rc3 0-1

[Event "ISL-chT 1516"]
[Site "Reykjavik"]
[Date "2015.09.26"]
[Round "3.3"]
[White "Kristjansson, Olafur"]
[Black "Sigfusson, Sigurdur Dadi"]
[Result "1/2-1/2"]
[WhiteElo "2103"]
[BlackElo "2334"]
[PlyCount "66"]
[EventDate "2015.09.24"]
[EventType "team-tourn"]
[EventRounds "9"]
[EventCountry "ISL"]
[SourceTitle "EXT 2017"]
[Source "ChessBase"]
[SourceDate "2016.10.25"]
[SourceVersion "1"]
[SourceVersionDate "2016.10.25"]
[SourceQuality "1"]
[WhiteTeam "Akureyri II"]
[BlackTeam "Huginn II"]
[WhiteTeamCountry "ISL"]
[BlackTeamCountry "ISL"]

1. e4 e5 2. Nf3 Nc6 3. Bb5 a6 4. Bxc6 dxc6 5. 0-0 f6 6. d4 exd4 7. Nxd4 c5 8. Nb3 Qxd1 9. Rxd1 Bd7 10. Bf4 0-0-0 11. Nc3 Be6 12. Rxd8+ Kxd8 13. Rd1+ Kc8 14. Nd5 Bxd5 15. Rxd5 b6 16. Rd1 Ne7 17. Nd2 Nc6 18. c3 Be7 19. Nc4 Re8 20. Kf1 b5 21. Ne3 c4 22. f3 Bd8 23. g4 Nb8 24. h4 Nd7 25. Nc2 Nc5 26. Bc1 Be7 27. Nb4 Kb7 28. Be3 Na4 29. Rd2 Rd8 30. Rxd8 Bxd8 31. Bc1 Nc5 32. Be3 Na4 33. Bc1 Nc5 1/2-1/2

[Event "Nordic-ch Seniors"]
[Site "Reykjavik"]
[Date "2011.09.18"]
[Round "9"]
[White "Sloth, Jorn"]
[Black "Kristjansson, Olafur"]
[Result "1-0"]
[WhiteElo "2328"]
[BlackElo "2173"]
[PlyCount "79"]
[EventDate "2011.09.10"]
[EventType "swiss"]
[EventRounds "9"]
[EventCountry "ISL"]
[SourceTitle "CBM 144 Extra"]
[Source "ChessBase"]
[SourceDate "2011.10.28"]
[SourceVersion "1"]
[SourceVersionDate "2011.10.28"]
[SourceQuality "1"]

1. c4 Nf6 2. g3 g6 3. Bg2 Bg7 4. Nc3 0-0 5. d3 c6 6. e4 e5 7. Nge2 d6 8. h3 Na6 9. Be3 Nc7 10. d4 Qe7 11. 0-0 Nfe8 12. Qd2 f5 13. d5 c5 14. f4 exf4 15. Nxf4 Nf6 16. exf5 Bxf5 17. Rae1 Qd8 18. Bf2 Bh6 19. g4 Bxf4 20. Qxf4 Bd3 21. Bh4 Bxf1 22. Rxf1 Nce8 23. Ne4 Nd7 24. Qxf8+ Nxf8 25. Bxd8 Rxd8 26. Ng5 Rd7 27. Ne6 Rf7 28. Re1 Re7 29. Kf2 Nd7 30. g5 Ne5 31. Re4 Nd3+ 32. Ke3 Nxb2 33. Kd2 Na4 34. Nxc5 Rxe4 35. Nxe4 Kf7 36. h4 Nc5 37. Nc3 a6 38. Bh3 Ke7 39. Bc8 Kd8 40. Bg4 1-0